000 00647nam a2200193 u 4500
001 000506963
003 AM-YeHGA
005 20250618072706.0
008 061102s2006 ||||||||||||||||||||arm d
020 _a9994112236
040 _aAM-YeHGA
041 0 _aarm
100 1 _aՊողոսյան, Պողոս Միքայելի,
_d1924-1992
_91247
245 1 0 _aԻմ գանձարանը :
_b(Բանաստեղծություններ, պատմվածքներ, ասույթներ) /
_cՊողոս Պողոսյան.
260 _aԵրևան :
_bԶանգակ-97,
_c2006.
300 _a176 էջ.
650 1 4 _aՀայ գրականություն
090 _c189572
999 _c188105
_d188105